Language Quiz

Random Language Quiz

Form the Plural of these words Quiz Stats

 Plays Quiz not verified by Sporcle

Also try: What U B Sayin?
Challenge
Share
Tweet
Embed
Score 0/48 Timer 05:00
0 Plays Today
Singular Plural % Correct
QuizQuizzes
98.2%
GooseGeese
96.9%
MouseMice
96.9%
LoafLoaves
96.3%
ChildChildren
96.3%
EchoEchoes
94.5%
ScalesScales
90.8%
CattleCattle
89.6%
BuzzBuzzes
89.6%
MooseMoose
88.3%
FocusFoci
87.7%
OxOxen
87.7%
AnalysisAnalyses
87.1%
PhenomenonPhenomena
84%
DieDice
84%
InformationInformation
82.8%
CriterionCriteria
82.8%
FungusFungi
82.8%
NebulaNebulae
82.2%
RadiusRadii
81.6%
ElectricityElectricity
81%
MatrixMatrices
81%
VertebraVertebrae
79.1%
ForcepsForceps
74.8%
Singular Plural % Correct
OasisOases
71.8%
TopazTopazes
69.9%
BuoyBuoys
69.3%
StratumStrata
68.7%
CensusCensuses
66.9%
StatusStatus
64.4%
PorticoPorticos
63.8%
Knight-errantKnights-errant
63.2%
SeraphSeraphim
57.7%
PlateauPlateaux
55.8%
SoliloquySoliloquies
53.4%
TorsoTorsi
46%
StomaStomata
45.4%
PhalanxPhalanges
44.8%
Agent provocateurAgents provocateurs
42.3%
GenusGenera
39.9%
ManservantMenservants
36.8%
CorpusCorpora
28.8%
ScenarioScenarii
26.4%
MaarMaare
22.7%
ViscusViscera
17.8%
Bel hommeBeaux hommes
17.2%
PoltergeistPoltergeister
11.7%
AliyahAliyot
5.5%

You're not logged in!

Compare scores with friends on all Sporcle quizzes.
Join for Free
OR
Log In

You Might Also Like...

Show Comments

Extras

Created Jun 18, 2011ReportNominate
Tags:form, plural, singular

Top Quizzes Today


Score Distribution

Your Account Isn't Verified!

In order to create a playlist on Sporcle, you need to verify the email address you used during registration. Go to your Sporcle Settings to finish the process.

Report this User

Report this user for behavior that violates our Community Guidelines.

Details: